000 00758nam a2200205 a 4500
008 120416s1981 ||||||||||||||||| || u
020 _a0898380529
050 _aHD 3887 Stu
100 _aHorn, Richard J
245 1 0 _aStudies in the management of government enterprise
_cedited by Richard J. Horn
260 _aBoston
_bMartinus Njhoff
_c1981
300 _a179 p. : ill.
350 _a0.00
490 _aSocial dimensions of economics
490 _vv. 1
500 _aIncludes bibliographies.
650 0 _aBUSINESS
650 _aGOVERNMENT--BUSINESS ENTERPRISES--UNITED STATES--MANAGEMENT
995 _D0.00
_FCBU-MAIN LIBRARY (Kitwe)
_H1
_I25.00
_M1
_UAVAILABLE
_ZAnnex Low-Usage Collection
999 _c58793
_d58793